Bahumukhi pathyakram/ (Record no. 9070)

MARC details
000 -LEADER
fixed length control field 00862cam a2200301ua 4500
005 - DATE AND TIME OF LATEST TRANSACTION
control field 20230831140643.0
008 - FIXED-LENGTH DATA ELEMENTS--GENERAL INFORMATION
fixed length control field 171025n ii |||gr||||Z||||||asm
020 ## - INTERNATIONAL STANDARD BOOK NUMBER
International Standard Book Number 9789382750215
040 ## - CATALOGING SOURCE
Transcribing agency MAIN
Original cataloging agency IN-DiNC
041 ## - LANGUAGE CODE
Language code of sung or spoken text Assamese
082 ## - DEWEY DECIMAL CLASSIFICATION NUMBER
Classification number 001
Item number BAH
245 ## - TITLE STATEMENT
Title Bahumukhi pathyakram/
Statement of responsibility, etc. By Ashwini Machey and others
250 ## - EDITION STATEMENT
Edition statement 2nd rev. ed.
260 ## - PUBLICATION, DISTRIBUTION, ETC.
Place of publication, distribution, etc. Dibrugarh:
Name of publisher, distributor, etc. Banalata,
Date of publication, distribution, etc. 2015.
300 ## - PHYSICAL DESCRIPTION
Extent 509p.
650 ## - SUBJECT ADDED ENTRY--TOPICAL TERM
Topical term or geographic name entry element Multidisciplinary course
700 ## - ADDED ENTRY--PERSONAL NAME
Personal name Sarma, Dipankar,
Relator term Author
700 ## - ADDED ENTRY--PERSONAL NAME
Personal name Saikia, Lohit,
Relator term Author
700 ## - ADDED ENTRY--PERSONAL NAME
Personal name Bhattacharyya, Suresh,
Relator term Author
700 ## - ADDED ENTRY--PERSONAL NAME
Personal name Sarma, Anita,
Relator term Author
700 ## - ADDED ENTRY--PERSONAL NAME
Personal name Lahon, Ratul Kr.,
Relator term Author
700 ## - ADDED ENTRY--PERSONAL NAME
Personal name Sen, Sanjay,
Relator term Author
700 ## - ADDED ENTRY--PERSONAL NAME
Personal name Talukdar, Swapnali Borah,
Relator term Author
700 ## - ADDED ENTRY--PERSONAL NAME
Personal name Machey, Ashwini,
Relator term Author
942 ## - ADDED ENTRY ELEMENTS (KOHA)
Koha item type Books
Source of classification or shelving scheme Dewey Decimal Classification
653 ## - INDEX TERM--UNCONTROLLED
Uncontrolled term Knowledge
653 ## - INDEX TERM--UNCONTROLLED
Uncontrolled term Multidisciplinary
Holdings
Withdrawn status Lost status Source of classification or shelving scheme Damaged status Not for loan Collection code Home library Current library Shelving location Date acquired Cost, normal purchase price Total Checkouts Full call number Barcode Date last seen Date last checked out Copy number Price effective from Koha item type
    Dewey Decimal Classification     General Collection Naharkatiya College Library Naharkatiya College Library General Stacks 19/09/2020 300.00 2 001 BAH 23612 13/09/2023 20/01/2022 1 19/09/2020 Books
    Dewey Decimal Classification     General Collection Naharkatiya College Library Naharkatiya College Library General Stacks 19/09/2020 300.00 4 001 BAH 23613 26/11/2021 13/11/2021 2 19/09/2020 Books
    Dewey Decimal Classification     General Collection Naharkatiya College Library Naharkatiya College Library General Stacks 19/09/2020 300.00 2 001 BAH 23614 26/11/2021 13/11/2021 3 19/09/2020 Books
    Dewey Decimal Classification     General Collection Naharkatiya College Library Naharkatiya College Library General Stacks 19/09/2020 300.00 3 001 BAH 23977 06/10/2022 21/09/2022 4 19/09/2020 Books
    Dewey Decimal Classification     General Collection Naharkatiya College Library Naharkatiya College Library General Stacks 19/09/2020 300.00 2 001 BAH 23978 20/01/2022 06/01/2022 5 19/09/2020 Books

Naharkatiya College © 2020. All rights reserved.

Powered By